000 00352nam a2200157Ia 4500
003 OSt
005 20231211065050.0
008 170524s9999 xx 000 0 und d
020 _a81-7024-714-4
040 _ciimt
100 _aNirmal Kumar
245 0 _aTourism & Economics Development
260 _bA.P.H. Pub.
260 _c2004
942 _2ddc
_c02
999 _c6761
_d6761